Keys to bioethics : (Record no. 28466)

MARC details
000 -LEADER
campo de control de longitud fija 01134ntaaa2200349 4500
003 - IDENTIFICADOR DE NÚMERO DE CONTROL
campo de control 01
005 - FECHA Y HORA DE LA ÚLTIMA TRANSACCIÓN
campo de control 20251027203309.0
008 - DATOS DE LONGITUD FIJA--INFORMACIÓN GENERAL
campo de control de longitud fija 0714s1973 ag 01
040 ## - FUENTE DE CATALOGACIÓN
Centro catalogador/agencia de origen AR-BaBN
Lengua de catalogación spa
Centro/agencia transcriptor AR-BaBN
Normas de descripción aacr
Centro/agencia modificador RIC
082 ## - NÚMERO DE LA CLASIFICACIÓN DECIMAL DEWEY
Número de clasificación 241.642 K52
100 ## - ENTRADA PRINCIPAL--NOMBRE DE PERSONA
Nombre de persona [s.n.]
9 (RLIN) 2840
245 ## - MENCIÓN DEL TÍTULO
Título Keys to bioethics :
Resto del título claves de la bioética /
Mención de responsabilidad, etc. s.n.
260 ## - PUBLICACIÓN, DISTRIBUCIÓN, ETC.
Lugar de publicación, distribución, etc. Brasilia :
Nombre del editor, distribuidor, etc. Comissão Nacional da Pastoral Familiar,
Fecha de publicación, distribución, etc. 2013
300 ## - DESCRIPCIÓN FÍSICA
Extensión 80 p. ;
Dimensiones il. col. ; 15 cm.
500 ## - NOTA GENERAL
Nota general Ed. original: Fondation Jérôme Lejeune
500 ## - NOTA GENERAL
Nota general Glosario: p. 76
500 ## - NOTA GENERAL
Nota general Bibliografía: p. 77
500 ## - NOTA GENERAL
Nota general Biografía de Jérôme Lejeune: p. 78
500 ## - NOTA GENERAL
Nota general Incluye reflexiones éticas, testimonios y lo que dice la Iglesia al respecto
505 ## - NOTA DE CONTENIDO CON FORMATO
Título Historia de un ser humano pequeño
505 ## - NOTA DE CONTENIDO CON FORMATO
Título El aborto
505 ## - NOTA DE CONTENIDO CON FORMATO
Título El diagnóstico prenatal
505 ## - NOTA DE CONTENIDO CON FORMATO
Título La reproducción asistida
505 ## - NOTA DE CONTENIDO CON FORMATO
Título Diagnóstico preimplantatorio
505 ## - NOTA DE CONTENIDO CON FORMATO
Título Investigación con embriones
505 ## - NOTA DE CONTENIDO CON FORMATO
Título Eutanasia
505 ## - NOTA DE CONTENIDO CON FORMATO
Título Donación de órganos
505 ## - NOTA DE CONTENIDO CON FORMATO
Título La teoría de género.
650 ## - PUNTO DE ACCESO ADICIONAL DE MATERIA--TÉRMINO DE MATERIA
Término de materia o nombre geográfico como elemento de entrada BIOETICA
650 ## - PUNTO DE ACCESO ADICIONAL DE MATERIA--TÉRMINO DE MATERIA
Término de materia o nombre geográfico como elemento de entrada ETICA CRISTIANA
942 ## - ELEMENTOS DE ENTRADA SECUNDARIOS (KOHA)
Tipo de ítem Koha Colección General
Holdings
Estatus retirado Estado de pérdida Estado de daño No para préstamo Biblioteca de origen Biblioteca actual Fecha de adquisición Número de inventario Total de préstamos Signatura topográfica completa Código de barras Visto por última vez Precio de reemplazo Tipo de ítem Koha
        Biblioteca Pluis Biblioteca Pluis 27/10/2025 044818   241.642 K52 044818 27/10/2025 27/10/2025 Colección General